000 00375 a2200109 4500
001 ART_60111
005 20260410162052.0
008 260409a
245 1 0 _aLey de bases y puntos de partida para la libertad de la libertad de los argentinos. Aspectos fiscales
100 1 _aMastandrea, Alberto F.
773 0 _tImpuestos
_g- N° 164 (ene. 2024)
_wREV45175
999 _c35911
_d35911